| Tag |
First Indicator |
Second Indicator |
Subfields |
| LEADER |
00000cgm a22000007i 4500 |
| 001 |
in00004672021 |
| 006 |
m o c |
| 007 |
vz czazuu |
| 007 |
cr cnannnuuuuu |
| 008 |
220725s2021 xx 059 o o vleng d |
| 005 |
20260122201703.6 |
| 019 |
|
|
|a 1362786943
|
| 024 |
8 |
|
|a 10000MNCS2022133
|
| 035 |
|
|
|a (OCoLC)1337060968
|z (OCoLC)1362786943
|
| 037 |
|
|
|a 10000MNCS2022133
|b O'Reilly Media
|
| 040 |
|
|
|a ORMDA
|b eng
|e rda
|e pn
|c ORMDA
|d OCLCF
|
| 049 |
|
|
|a TXAM
|
| 050 |
|
4 |
|a QA76.76.A63
|
| 082 |
0 |
4 |
|a 005.3
|2 23/eng/20220725
|
| 245 |
0 |
0 |
|a Building and deploying reliable APIs with FastAPI.
|
| 250 |
|
|
|a [First edition].
|
| 264 |
|
1 |
|a [Place of publication not identified] :
|b Manning Publications,
|c [2021]
|
| 300 |
|
|
|a 1 online resource (1 video file (59 min.)) :
|b sound, color.
|
| 306 |
|
|
|a 005900
|
| 336 |
|
|
|a two-dimensional moving image
|b tdi
|2 rdacontent
|
| 337 |
|
|
|a computer
|b c
|2 rdamedia
|
| 338 |
|
|
|a online resource
|b cr
|2 rdacarrier
|
| 344 |
|
|
|a digital
|2 rdatr
|
| 347 |
|
|
|a video file
|2 rdaft
|
| 380 |
|
|
|a Instructional films
|2 lcgft
|
| 490 |
1 |
|
|a Complete video course
|
| 511 |
0 |
|
|a Jose Haro Peralta, presenter.
|
| 520 |
|
|
|a Build a REST API with the popular API development framework FastAPI. Learn why the concept of documentation-driven development is important for building reliable APIs.
|
| 588 |
0 |
|
|a Online resource; title from title details screen (O'Reilly, viewed July 25, 2022).
|
| 650 |
|
0 |
|a Application program interfaces (Computer software)
|
| 650 |
|
0 |
|a Application software
|x Development.
|
| 650 |
|
7 |
|a Application program interfaces (Computer software)
|2 fast
|0 (OCoLC)fst00811704
|
| 650 |
|
7 |
|a Application software
|x Development.
|2 fast
|0 (OCoLC)fst00811707
|
| 655 |
|
7 |
|a Instructional films.
|2 fast
|0 (OCoLC)fst01726236
|
| 655 |
|
7 |
|a Internet videos.
|2 fast
|0 (OCoLC)fst01750214
|
| 655 |
|
7 |
|a Nonfiction films.
|2 fast
|0 (OCoLC)fst01710269
|
| 655 |
|
7 |
|a Instructional films.
|2 lcgft
|
| 655 |
|
7 |
|a Nonfiction films.
|2 lcgft
|
| 655 |
|
7 |
|a Internet videos.
|2 lcgft
|
| 700 |
1 |
|
|a Peralta, Jose Haro,
|e presenter.
|
| 710 |
2 |
|
|a Manning (Firm),
|e publisher.
|
| 830 |
|
0 |
|a Complete video course (Manning).
|
| 856 |
4 |
0 |
|u https://proxy.library.tamu.edu/login?url=https://go.oreilly.com/TAMU/library/view/-/10000MNCS2022133/?ar
|z Connect to the full text of this electronic book
|t 0
|
| 955 |
|
|
|a Safari/O'Reilly ebooks
|
| 994 |
|
|
|a 92
|b TXA
|
| 999 |
f |
f |
|s 7552366a-dfad-4e72-ac06-3d153ff354bc
|i 044d2fc1-7c3d-409f-b0f9-c3ad6e619228
|t 0
|
| 952 |
f |
f |
|a Texas A&M University
|b College Station
|c Electronic Resources
|s www_evans
|d Available Online
|t 0
|e QA76.76.A63
|h Library of Congress classification
|
| 998 |
f |
f |
|a QA76.76.A63
|t 0
|l Available Online
|